000 00389nam a22001457a 4500
020 _a978-1-0718-0807-8
082 _a338.04
100 _aNeck, Heidi M.
245 _aEntrepreneurship:
_bThe Practicee and Mindset
250 _a2nd
260 _aNew Delhi:
_bSAGE Publishing,
_c2020
300 _axli, 486p.: ill.; 27cm
700 _aNeck, Christopher P. & Murray, Emma L.
942 _cBK
999 _c22140
_d22140